| 000 | 00844nam a2200241Ia 4500 | ||
|---|---|---|---|
| 003 | GCL | ||
| 008 | 140319s9999 xx 000 0 ara d | ||
| 040 |
_aGCL / _cGCL |
||
| 082 | 0 | 4 |
_a940.1 _bج ن |
| 100 | 1 | _aجوزيف نسيم يوسف | |
| 245 | 1 | 0 |
_aنشأت الجامعات فى العصور الوسطى / _cجوزيف نسيم يوسف |
| 260 |
_aبيروت : _bدار النهضة العربية ، _c1981 |
||
| 300 |
_a441ص ؛ _c24 سم |
||
| 490 |
_aسلسلة تاريخ العصور الوسطى _v3 |
||
| 650 | 0 | 4 | _aالحضارة الاوربية |
| 650 | 0 | 4 | _aالعصور الوسطى |
| 650 | 0 | 4 | _aاللغة اللاتينية |
| 650 | 0 | 4 | _aالجامعات |
| 650 | 0 | 4 | _aالتعليم - تاريخ - أوربا |
| 650 | 0 | 4 | _aالعالم المسيحى |
| 650 | 0 | 4 | _aاوربا - تاريخ |
| 942 |
_2ddc _cBK |
||
| 999 |
_c37281 _d37281 |
||